00680cam a2200217 a 450000100060000000300080000600500170001400800410003103500190007203500120009104000250010304100080012808200270013610000210016324501300018426000450031430000290035961000240038870000210041270000290043349654BD-RjUL20211209054717.0160822s1963 enk 000 0 eng d a(BD-RjUL)49774 a2410944 aNZOCbengcNZOCdAIC aeng 222a365.942bMOP 1963 1 aMorris, Pauline.10aPentonville :ba sociological study of an English prison /cby Terence Morris and Pauline Morris ; assisted by Barbara Barer. aLondon :bRoutledge & Kegan Paul,c1963. axv, 398, 13 p. ;c23 cm.20aPentonville Prison.1 aMorris, Pauline.1 aBarer, Barbara, asisted